Disciplinovane v zdravotnej starostlivosti o včelstvá

Bibliographic Details
Main Author: Roško, Ľudovít, 1924- (Author)
Format: Article
Language:Slovak
Subjects:

MARC

LEADER 00000nab a2200000 a 4500
001 vtls000196190
003 SK-MaSNL
005 20260304054501.0
008 250422c1984 xo 0 slo
015 |a SNBRB19rr/mm-uuuuu 
035 |a CL0206303 
035 |a urn:nbn:sk:snk-abdm9f 
035 |a (urnnbn)urn:nbn:sk:snk:ar-003bch 
035 |a (uuid)9c3a1934-89a1-4fee-96a6-22096e75def9 
040 |a SNKBUCL  |b slo  |c SNKBUCL  |e AACR2 
041 0 |a slo 
044 |a xo  |c SK 
080 |a 638.15  |2 1981 
080 |a 619  |2 1981 
080 |a 614.91  |2 1981 
100 1 |a Roško, Ľudovít,  |d 1924-  |4 aut  |9 48829 
245 1 0 |a Disciplinovane v zdravotnej starostlivosti o včelstvá  |c Ľudovít Roško 
650 0 7 |a včelstvá  |2 snkbucl  |9 16615 
655 7 |a články z novín a časopisov  |2 snkbucl  |9 267496 
773 0 |t Včelár  |g Roč. 58, č. 10 (1984), s. 217-218 
850 |a Slovenská národná knižnica 
852 |a Slovenská národná knižnica 
954 |a odborná, vedecká literatúra pôvodná (slovenská)  |2 lita 
958 |a article19 
958 |a OND 
958 |a RK 
958 |a MI 
958 |a EUIPO 
992 |a RBX 
999 |c 2719213  |d 2721143